000 00388nam a2200121 4500
999 _c13498
_d13498
008 190327b ||||| |||| 00| 0 eng d
100 _937743
_aCruz, Maria Fatima
245 _aA driving force behind digital transformation/
_cMaria Fatima Cruz
260 _aPhilippines
_bThe Philippine Star
_cc2018
300 _apage C4.
650 0 _937744
_aTechnological innovations.
942 _2ddc
_cPER